LDR 00990naa#a2200169#i#450# 001 RU\\bibl\121445 005 20260516210740.6 011 ## _a1994-4683 100 ## _a20230531b2023####ek#y0rusy0150####ca 102 ## _aRU 200 1# _aСОВЕРШЕНСТВОВАНИЕ СПЕЦИАЛЬНЫХ ФИЗИЧЕСКИХ КАЧЕСТВ У СПОРТСМЕНОВ-СКАЛОЛАЗОВ, СПЕЦИАЛИЗИРУЮЩИХСЯ В ДИСЦИПЛИНЕ "БОУЛДЕРИНГ", С ИСПОЛЬЗОВАНИЕМ ЭКСПЕРИМЕНТАЛЬНОГО КОМПЛЕКСА УПРАЖНЕНИЙ _eЖурнальная статья 210 1# _aМосква _cНациональный государственный Университет физической культуры, спорта и здоровья им. П.Ф. Лесгафта _d2023 215 ## _a2 с. 608 ## _aЖурнальная статья _2local 675 ## _aСкалолазание. 796.526 _z 700 #1 _aОкунь _gЕ Е 856 4# _auchzapiski.lesgaft.spb.ru _u